000 00483cam a2200193ua 4500
001 4308
008 111223n ii |||gr||||Z||||||asm
020 _a81-86494-00-6
040 _cMAIN
082 _a305.4
100 _aSarma, Dipti,
245 1 1 _aMukti jujat luit paria nari
_cby Dipti Sarma
250 _a1st.
260 _aGuwahati:
_bStudents stores,995.
300 _a223p:
_c23cm.
653 _aSocial group of women
653 _aMukti jujat luit paria nari
942 _cBK
999 _c4127
_d4127